000 01067cam a2200277 a 4500
001 2725
005 20240111134832.0
020 _a9781599900629
040 _aDLC
_cDLC
_dDLC
_beng
050 0 0 _aPZ7.R33213
_b 2007
082 0 0 _a487
100 1 _aReynolds, Aaron
_d1970-
245 1 0 _aBuffalo wings /
_cby Aaron Reynolds ; illustrated by Paulette Bogan
260 _aNew York :
_bBloomsbury Children's Books :
_bDistributed to the trade by Holtzbrinck Publishers,
_c2007
300 _a27 unnumbered pages :
_bcolor illustrations ;
_c29 cm .
505 _aG
520 _aWhile searching for the perfect Super Bowl snack, Rooster comes across a recipe for Buffalo wings and, before reading it completely, goes in search of what he believes is the missing ingredient.
521 _a400
_bLexile
521 _aG
_bRaz-Plus
650 1 _aRoosters
_vFiction.
650 1 _aAnimals
_vFiction.
650 1 _aSnack foods
_vFiction.
700 1 _aBogan, Paulette
_eillustrator
906 _a7
_bcbc
_corignew
_d1
_eecip
_f20
_gy-gencatlg
942 _2ddc
_cBK
_n0
999 _c2725
_d2725